NHL Art Ross Trophy Winners - Statistics

General Stats
  • This quiz has been taken 110 times
    24 since last reset
  • The average score is 71 of 77
Answer Stats
Year Team Player % Correct
2008 Capitals Alexander Ovechkin
100%
1975 Bruins Bobby Orr
100%
1970 Bruins Bobby Orr
100%
2023 Oilers Connor McDavid
100%
2022 Oilers Connor McDavid
100%
2021 Oilers Connor McDavid
100%
2018 Oilers Connor McDavid
100%
2017 Oilers Connor McDavid
100%
2011 Canucks Daniel Sedin
100%
2012 Penguins Evgeni Malkin
100%
2009 Penguins Evgeni Malkin
100%
1978 Canadiens Guy Lafleur
100%
1977 Canadiens Guy Lafleur
100%
1976 Canadiens Guy Lafleur
100%
2010 Canucks Henrik Sedin
100%
2001 Penguins Jaromir Jagr
100%
2000 Penguins Jaromir Jagr
100%
1999 Penguins Jaromir Jagr
100%
1998 Penguins Jaromir Jagr
100%
1995 Penguins Jaromir Jagr
100%
2006 Bruins/Sharks Joe Thornton
100%
2020 Oilers Leon Draisaitl
100%
1997 Penguins Mario Lemieux
100%
1996 Penguins Mario Lemieux
100%
1993 Penguins Mario Lemieux
100%
1992 Penguins Mario Lemieux
100%
1989 Penguins Mario Lemieux
100%
1988 Penguins Mario Lemieux
100%
2013 Lightning Martin St. Louis
100%
2004 Lightning Martin St. Louis
100%
2025 Lightning Nikita Kucherov
100%
2024 Lightning Nikita Kucherov
100%
2019 Lightning Nikita Kucherov
100%
2016 Blackhawks Patrick Kane
100%
2003 Avalanche Peter Forsberg
100%
1974 Bruins Phil Esposito
100%
1973 Bruins Phil Esposito
100%
1972 Bruins Phil Esposito
100%
1971 Bruins Phil Esposito
100%
1969 Bruins Phil Esposito
100%
2014 Penguins Sidney Crosby
100%
2007 Penguins Sidney Crosby
100%
1968 Blackhawks Stan Mikita
100%
1967 Blackhawks Stan Mikita
100%
1965 Blackhawks Stan Mikita
100%
1964 Blackhawks Stan Mikita
100%
1994 Kings Wayne Gretzky
100%
1991 Kings Wayne Gretzky
100%
1990 Kings Wayne Gretzky
100%
1987 Oilers Wayne Gretzky
100%
1986 Oilers Wayne Gretzky
100%
1985 Oilers Wayne Gretzky
100%
1984 Oilers Wayne Gretzky
100%
1983 Oilers Wayne Gretzky
100%
1982 Oilers Wayne Gretzky
100%
1981 Oilers Wayne Gretzky
100%
1963 Red Wings Gordie Howe
93%
1957 Red Wings Gordie Howe
93%
1954 Red Wings Gordie Howe
93%
1953 Red Wings Gordie Howe
93%
1952 Red Wings Gordie Howe
93%
1951 Red Wings Gordie Howe
93%
2002 Flames Jarome Iginla
93%
1956 Canadiens Jean Beliveau
93%
1980 Kings Marcel Dionne
93%
1979 Islanders Bryan Trottier
86%
2015 Stars Jamie Benn
86%
1966 Blackhawks Bobby Hull
79%
1962 Blackhawks Bobby Hull
79%
1960 Blackhawks Bobby Hull
79%
1961 Canadiens Bernie Geoffrion
64%
1955 Canadiens Bernie Geoffrion
64%
1950 Red Wings Ted Lindsay
64%
1948 Canadiens Elmer Lach
29%
1959 Canadiens Dickie Moore
21%
1958 Canadiens Dickie Moore
21%
1949 Blackhawks Roy Conacher
0%
No matching quizzes found
Score Distribution
Percent of People with Each Score
Percentile by Number Answered
Your Score History
You have not taken this quiz since the last reset